Vista normal Vista MARC

Entrada Topical Term

Número de registros utilizados en: 2

001 - CONTROL NUMBER

  • control field: 21186

003 - CONTROL NUMBER IDENTIFIER

  • control field: OSt

005 - DATE AND TIME OF LATEST TRANSACTION

  • control field: 20230915230814.0

008 - FIXED-LENGTH DATA ELEMENTS

  • fixed length control field: 230915|| aca||aabn | a|a d

040 ## - CATALOGING SOURCE

  • Original cataloging agency: OSt
  • Transcribing agency: OSt

150 ## - HEADING--TOPICAL TERM

  • Topical term or geographic name entry element: COMPOSITORES

670 ## - SOURCE DATA FOUND

  • Source citation: Work cat.: (OSt)14006: Sanchez T., Ottorino 21185, Antología de la literatura llanera : , 1998









Instituto Departamental de Cultura del Meta - Red Departamental de Bibliotecas Públicas del Meta.